Man and the biology of arid zones. (Record no. 28738)

MARC details
000 -LEADER
fixed length control field 00321nam a2200121Ia 4500
082 ## - DEWEY DECIMAL CLASSIFICATION NUMBER
Classification number 057
Item number CLO
100 ## - MAIN ENTRY--AUTHOR NAME
Personal name CLOUDSLEY-THOMPSON, J L
245 #0 - TITLE STATEMENT
Title Man and the biology of arid zones.
260 ## - PUBLICATION, DISTRIBUTION, ETC. (IMPRINT)
Place of publication London
Name of publisher Edward Arnold
Year of publication 1977
650 ## - SUBJECT ADDED ENTRY--TOPICAL TERM
Topical Term Arid zone ecology
942 ## - ADDED ENTRY ELEMENTS (KOHA)
Koha item type Books
Holdings
Withdrawn status Lost status Damaged status Not for loan Home library Current library Date acquired Full call number Accession Number Koha item type
        RRII Library RRII Library 16/12/2021 057 CLO 09332 Books